Fuzzy logic and neural networks (Record no. 1285)

MARC details
000 -LEADER
Fixed length control field 00421nam a2200157 4500
003 - CONTROL NUMBER IDENTIFIER
Control field SEACOMEC
005 - DATE AND TIME OF LATEST TRANSACTION
Control field 20240603155819.0
008 - FIXED-LENGTH DATA ELEMENTS--GENERAL INFORMATION
Fixed length control field 240603b |||||||| |||| 00| 0 eng d
020 ## - INTERNATIONAL STANDARD BOOK NUMBER / ISBN
International Standard Book Number 81-88429-54-6
Price 225.00
040 ## - CATALOGING SOURCE
Original cataloging agency SEACOMEC
082 ## - DEWEY DECIMAL CLASSIFICATION NUMBER
Classification number 511.313
Book Number A515
100 ## - MAIN ENTRY--PERSONAL NAME
Personal name Amirthavalli , M
245 ## - TITLE STATEMENT
Title Fuzzy logic and neural networks
Statement of responsibility M Amirthavalli
260 ## - IMPRINT
Place of publication Chennai
Name of publisher Scitech publication
Date of publication 2004
942 ## - ADDED ENTRY ELEMENTS (KOHA)
Koha item type Books
Holdings
Withdrawn status Lost status Source of classification Damaged status Not for loan Home library Current library Date acquired Total Checkouts Call number Accession number Date last seen Price effective from Koha item type
    Dewey Decimal Classification     SEACOM ENGINEERING COLLEGE SEACOM ENGINEERING COLLEGE 03/06/2024   511.313 A515 5564 03/06/2024 03/06/2024 Books
© Seacom Engineering College, All rights reserved.      Powered by Koha